Normal view
MARC view
- Electric Motors and Drives
Entry Topical Term
001 - CONTROL NUMBER
- control field: 112179
003 - CONTROL NUMBER IDENTIFIER
- control field: NUST
005 - DATE AND TIME OF LATEST TRANSACTION
- control field: 20230508104959.0
008 - FIXED-LENGTH DATA ELEMENTS
- fixed length control field: 230508|| aca||aabn | a|a d
040 ## - CATALOGING SOURCE
- Original cataloging agency: NUST
- Transcribing agency: NUST
150 ## - HEADING--TOPICAL TERM
- Topical term or geographic name entry element: Electric Motors and Drives
670 ## - SOURCE DATA FOUND
- Source citation: Work cat.: (NUST)594635: Hughes, Austin 58500, Electric Motors and Drives: , 2013.
